Missing Word: Black and White Songs Quiz Stats

 Plays Quiz Updated Oct 24, 2014

Challenge
Share
Tweet
Embed
Score 0/20 Timer 04:00
0 Plays Today
Song Answer % Correct
____ In BlackBack
93.1%
Say It Loud - I'm Black and I'm ______Proud
86.8%
___ In BlackMen
81.5%
White ________Christmas
77.7%
Black ______WomanMagic
75.4%
___ In BlackMan
75.4%
_____ It, BlackPaint
74.4%
Nights In White ______Satin
74%
Pretty ___ (For A White Guy)Fly
73.8%
A Whiter Shade Of _____Pale
70.4%
Song Answer % Correct
White ______Wedding
70.1%
____ To BlackFade
63%
Black Hole ___Sun
55.1%
Supermassive Black _____Hole
54.4%
White _____Rabbit
53.1%
White _____Room
38.8%
Black ______Velvet
37.3%
Dirty White ____Boy
36.9%
Black _____Water
30.7%
White Light/White _____Heat
14.9%

Today's Daily Dose

Word Ladder
Faux Pas

Quick Pick
Pacific Islands

On This Day
November 20th II

You're not logged in!

Compare scores with friends on all Sporcle quizzes.
Join for Free
OR
Log In

You Might Also Like...

Show Comments

Extras

Top Quizzes Today


Score Distribution

Your Account Isn't Verified!

In order to create a playlist on Sporcle, you need to verify the email address you used during registration. Go to your Sporcle Settings to finish the process.

Report this User

Report this user for behavior that violates our Community Guidelines.

Details: